005370000a2200145000450024500610000065000250006165000210008665000160010765100210012304100140014470000310015870000330018910000350022277301340025710aAlgunas plantas medicinales de uso veterinario en Caldas14aMedicina tradicional14aPlantas útiles14aVeterinaria 4dCaldaspColombia0 aEspañol1 aMejía Marulanda, Lucía1 aRestrepo de Fraume, Mélida1 aArango Londoño, Hilda Gladis1 tSimposio sobre Plantas Medicinales y Tóxicas Exposición Regional de Plantas Medicinales: 1994, Antioquia31210q100-112d1994